[Event "Midland Ch Forrest Cup"]
[Site "Derby"]
[Date "1988.03.19"]
[Round "2"]
[White "Ledger, Dave J"]
[Black "Lalic, Susan K"]
[Result "0-1"]
[WhiteElo "1968"]
[BlackElo "2288"]
[PlyCount "72"]
[EventDate "1988.03.18"]
[EventType "swiss"]
[EventRounds "6"]
[EventCountry "ENG"]
[SourceTitle "BritBase"]
[Source "John Saunders"]
[SourceDate "2022.11.28"]
[SourceVersion "1"]
[SourceVersionDate "2022.08.23"]
[SourceQuality "1"]

1. e4 c6 2. d4 d5 3. Nc3 g6 4. exd5 cxd5 5. Nf3 Nc6 6. Be2 Bg7 7. Be3 Nh6 8.
O-O Nf5 9. Qd2 O-O 10. Rad1 Be6 11. h3 a6 12. Rfe1 b5 13. g4 Nxe3 14. Qxe3 Qb6
15. Bf1 Rad8 16. Ne2 Bc8 17. c3 e6 18. Nf4 b4 19. Nd3 a5 20. Nc5 Nb8 21. g5 Nd7
22. Nxd7 Bxd7 23. Ne5 bxc3 24. bxc3 Ba4 25. Rb1 Qc7 26. Qd2 Rb8 27. Ng4 Rxb1
28. Rxb1 Rc8 29. Kg2 Bf8 30. Qb2 Qf4 31. Qc1 Qxc1 32. Rxc1 Bb4 33. c4 Bd2 34.
Rb1 dxc4 35. Bxc4 Rxc4 36. h4 Rb4 0-1

[Event "Midland Ch Forrest Cup"]
[Site "Derby"]
[Date "1988.03.19"]
[Round "2"]
[White "Moulton, Paul J"]
[Black "Waddingham, Graham A"]
[Result "0-1"]
[WhiteElo "1992"]
[BlackElo "2240"]
[PlyCount "108"]
[EventDate "1988.03.18"]
[EventType "swiss"]
[EventRounds "6"]
[EventCountry "ENG"]
[SourceTitle "BritBase"]
[Source "John Saunders"]
[SourceDate "2022.11.28"]
[SourceVersion "1"]
[SourceVersionDate "2022.08.23"]
[SourceQuality "1"]

1. d4 d5 2. Bg5 c5 3. dxc5 f6 4. Bc1 e5 5. e4 d4 6. Bc4 Bxc5 7. Nf3 Nc6 8. O-O
Bg4 9. Qd3 Nge7 10. h3 Bh5 11. Nbd2 a6 12. a3 b5 13. Ba2 Qd7 14. b4 Bb6 15. Nh4
Bf7 16. Bxf7+ Kxf7 17. c4 g5 18. cxb5 axb5 19. Nf5 Nxf5 20. exf5 Nxb4 21. Qb3+
Nd5 22. Rb1 Rhb8 23. Ne4 Kg7 24. Qxb5 Qxb5 25. Rxb5 Nc3 26. Nxc3 dxc3 27. Rd5
Bd4 28. Rd7+ Kg8 29. Rd6 Rb6 30. Rxb6 Bxb6 31. Rd1 Bd4 32. Kf1 Rb8 33. Ke2 Rb1
34. Kd3 Ra1 35. Rf1 Kf7 36. Kc4 Ke7 37. Kb3 Kd6 38. f3 h5 39. g4 h4 40. Rd1 Kd5
41. Re1 Kc5 42. Rd1 Kc6 43. Rf1 Kb6 44. Re1 Kb5 45. Rf1 Be3 46. Kc2 Ka5 47.
Bxe3 Rxf1 48. Bc5 Kb5 49. Be7 Kc4 50. Bxf6 Rf2+ 51. Kd1 Kd3 52. Ke1 Re2+ 53.
Kf1 c2 54. Bxg5 Re3 0-1

[Event "Midland Ch Forrest Cup"]
[Site "Derby"]
[Date "1988.03.19"]
[Round "3"]
[White "Arkell, Keith C"]
[Black "Littlewood, Michael P"]
[Result "1-0"]
[WhiteElo "2416"]
[BlackElo "2008"]
[PlyCount "69"]
[EventDate "1988.03.18"]
[EventType "swiss"]
[EventRounds "6"]
[EventCountry "ENG"]
[SourceTitle "BritBase"]
[Source "John Saunders"]
[SourceDate "2022.11.28"]
[SourceVersion "1"]
[SourceVersionDate "2022.08.23"]
[SourceQuality "1"]

1. Nf3 c5 2. e4 Nc6 3. d4 cxd4 4. Nxd4 Nf6 5. Nc3 e6 6. Be2 Bb4 7. Nxc6 bxc6 8.
e5 Nd5 9. Bd2 Nxc3 10. bxc3 Bc5 11. O-O O-O 12. Bd3 f5 13. exf6 Qxf6 14. Bxh7+
Kxh7 15. Qh5+ Kg8 16. Qxc5 Ba6 17. Rfe1 d6 18. Qe3 e5 19. f3 Bc8 20. Rab1 Bf5
21. Rb7 c5 22. f4 Rfe8 23. fxe5 Rxe5 24. Qf2 Rae8 25. Rxe5 Qxe5 26. Rxa7 Qe2
27. Qxf5 Kh8 28. Qf3 Qe5 29. h3 d5 30. Bf4 Qf5 31. Qg3 Qf6 32. Qg5 Qxg5 33.
Bxg5 Re2 34. Ra5 c4 35. Bf4 1-0

[Event "Midland Ch Forrest Cup"]
[Site "Derby"]
[Date "1988.03.19"]
[Round "3"]
[White "Bibby, Simon"]
[Black "Alderson, Michael J"]
[Result "0-1"]
[WhiteElo "1776"]
[BlackElo "2080"]
[PlyCount "42"]
[EventDate "1988.03.18"]
[EventType "swiss"]
[EventRounds "6"]
[EventCountry "ENG"]
[SourceTitle "BritBase"]
[Source "John Saunders"]
[SourceDate "2022.11.28"]
[SourceVersion "1"]
[SourceVersionDate "2022.08.23"]
[SourceQuality "1"]

1. e4 g6 2. d4 Bg7 3. Nc3 d6 4. Bg5 a6 5. f4 b5 6. a3 Bb7 7. Nf3 Nd7 8. Be2 c5
9. b4 cxd4 10. Nxd4 Qb6 11. e5 dxe5 12. fxe5 Bxe5 13. Be3 Qc7 14. Qd2 Rc8 15.
Nd1 Nb6 16. O-O Bxh2+ 17. Kh1 Be5 18. Nf2 Qc3 19. Qxc3 Rxc3 20. Ng4 Rxe3 21.
Nxe3 Bxd4 0-1

[Event "Midland Ch Forrest Cup"]
[Site "Derby"]
[Date "1988.03.19"]
[Round "3"]
[White "Cooper, David M"]
[Black "Buckley, Graeme N"]
[Result "0-1"]
[WhiteElo "1904"]
[BlackElo "2168"]
[PlyCount "50"]
[EventDate "1988.03.18"]
[EventType "swiss"]
[EventRounds "6"]
[EventCountry "ENG"]
[SourceTitle "BritBase"]
[Source "John Saunders"]
[SourceDate "2022.11.28"]
[SourceVersion "1"]
[SourceVersionDate "2022.08.23"]
[SourceQuality "1"]

1. c4 Nf6 2. g3 g6 3. Bg2 Bg7 4. Nc3 O-O 5. e4 d6 6. Nge2 Nc6 7. d3 e5 8. O-O
a6 9. f4 exf4 10. gxf4 Bg4 11. Be3 Qd7 12. Qd2 Nh5 13. d4 b5 14. cxb5 axb5 15.
Nxb5 Na5 16. Qd3 Rab8 17. a4 c6 18. b4 cxb5 19. bxa5 bxa4 20. Nc3 Rb2 21. Rf2
Rxf2 22. Kxf2 Bh3 23. Bf3 Qd8 24. Rxa4 Qh4+ 25. Kg1 $2 (25. Ke2 Nxf4+ 26. Bxf4
Qxf4 $19) 25... Qe1+ 0-1

[Event "Midland Ch Forrest Cup"]
[Site "Derby"]
[Date "1988.03.19"]
[Round "3"]
[White "Cullip, Stephen J"]
[Black "Hutchinson, Paul A"]
[Result "0-1"]
[WhiteElo "1968"]
[BlackElo "2240"]
[PlyCount "76"]
[EventDate "1988.03.18"]
[EventType "swiss"]
[EventRounds "6"]
[EventCountry "ENG"]
[SourceTitle "BritBase"]
[Source "John Saunders"]
[SourceDate "2022.11.28"]
[SourceVersion "1"]
[SourceVersionDate "2022.08.23"]
[SourceQuality "1"]

1. e4 Nc6 2. Nf3 d5 3. exd5 Qxd5 4. Nc3 Qa5 5. d4 Bg4 6. Bb5 O-O-O 7. Bxc6 bxc6
8. h3 Qh5 9. Bf4 Bxf3 10. gxf3 e6 11. Qd3 Qa5 12. Rg1 Ne7 13. O-O-O Nf5 14. Qc4
Kb7 15. Rd3 Qb4 16. Qxb4+ Bxb4 17. Ne2 Kc8 18. Bd2 Be7 19. Bc3 Bf6 20. b3 Rd7
21. Rgd1 Rhd8 22. a4 Kb7 23. Kb2 Bh4 24. Be1 g6 25. b4 Bf6 26. Bc3 a6 27. Kb3
Ka7 28. Kc4 Rb8 29. Ng3 Nd6+ 30. Kb3 a5 31. Ne4 Nxe4 32. fxe4 Be7 33. b5 cxb5
34. Bxa5 c6 35. Bc3 bxa4+ 36. Kxa4 Ka8 37. Ba5 Ra7 38. Rb3 Bd8 0-1

[Event "Midland Ch Forrest Cup"]
[Site "Derby"]
[Date "1988.03.19"]
[Round "3"]
[White "Dunworth, Christopher N"]
[Black "Garcia Iglesias, Isaac"]
[Result "1-0"]
[WhiteElo "2240"]
[BlackElo "2000"]
[PlyCount "71"]
[EventDate "1988.03.18"]
[EventType "swiss"]
[EventRounds "6"]
[EventCountry "ENG"]
[SourceTitle "BritBase"]
[Source "John Saunders"]
[SourceDate "2022.11.28"]
[SourceVersion "1"]
[SourceVersionDate "2022.08.23"]
[SourceQuality "1"]

1. d4 d5 2. Bg5 c6 3. Nf3 Qb6 4. Nbd2 f6 5. Bf4 Qxb2 6. e4 e6 7. Bd3 Ne7 8. O-O
Ng6 9. Bxb8 Rxb8 10. exd5 exd5 11. Re1+ Kf7 12. Ng5+ fxg5 13. Qh5 Qxd4 14. Nf3
Qf6 15. Bxg6+ hxg6 16. Qxh8 Be6 17. Ne5+ Ke7 18. Re2 Kd6 19. Rae1 Re8 20. Nf3
g4 21. Nd4 Bd7 22. Rxe8 Bxe8 23. Rxe8 Be7 24. c3 Qe5 25. Kf1 Qe4 26. Rxe7 Kxe7
27. Qxg7+ Kd6 28. Qf8+ Kc7 29. Qf4+ Qxf4 30. Ne6+ Kd6 31. Nxf4 g5 32. Nd3 a5
33. Ke2 b5 34. f3 c5 35. Ke3 c4 36. Ne1 1-0

[Event "Midland Ch Forrest Cup"]
[Site "Derby"]
[Date "1988.03.19"]
[Round "3"]
[White "Gamble, Raymond J"]
[Black "Barnes, Michael H"]
[Result "1/2-1/2"]
[WhiteElo "1992"]
[BlackElo "2136"]
[PlyCount "71"]
[EventDate "1988.03.18"]
[EventType "swiss"]
[EventRounds "6"]
[EventCountry "ENG"]
[SourceTitle "BritBase"]
[Source "John Saunders"]
[SourceDate "2022.11.28"]
[SourceVersion "1"]
[SourceVersionDate "2022.08.23"]
[SourceQuality "1"]

1. d4 Nf6 2. Nf3 g6 3. Nbd2 Bg7 4. e4 d6 5. Bc4 O-O 6. O-O c6 7. Bb3 Nbd7 8. c3
Qc7 9. Re1 e5 10. dxe5 Nxe5 11. Nxe5 dxe5 12. Nf3 a5 13. a4 b6 14. Qe2 Rb8 15.
Bg5 h6 16. Bxf6 Bxf6 17. Qd2 Kh7 18. Rad1 Rd8 19. Qe3 Ba6 20. Rxd8 Rxd8 21. Rd1
Kg7 22. Rxd8 Qxd8 23. Qd2 Qc7 24. Bc2 c5 25. Qd5 Bb7 26. Qc4 Qd7 27. h3 Bc6 28.
b3 h5 29. Qd3 Qe6 30. Nd2 Bb7 31. c4 Bg5 32. Nb1 Bc1 33. Nc3 Bb2 34. Nd5 Bd4
35. Qf3 Qd6 36. Kf1 1/2-1/2

[Event "Midland Ch Forrest Cup"]
[Site "Derby"]
[Date "1988.03.19"]
[Round "3"]
[White "Hardy, Otto H"]
[Black "Wheeler, Darren P"]
[Result "1/2-1/2"]
[WhiteElo "1984"]
[BlackElo "2136"]
[PlyCount "108"]
[EventDate "1988.03.18"]
[EventType "swiss"]
[EventRounds "6"]
[EventCountry "ENG"]
[SourceTitle "BritBase"]
[Source "John Saunders"]
[SourceDate "2022.11.28"]
[SourceVersion "1"]
[SourceVersionDate "2022.08.23"]
[SourceQuality "1"]

1. e4 e6 2. d3 d5 3. Nd2 Nf6 4. Ngf3 c5 5. g3 b6 6. Bg2 Bb7 7. e5 Nfd7 8. O-O
Nc6 9. Re1 Qc7 10. Qe2 Be7 11. c4 O-O-O 12. Nf1 dxc4 13. dxc4 Nf8 14. h4 h5 15.
Bd2 Nd4 16. Nxd4 Rxd4 17. Bxb7+ Qxb7 18. Bc3 Rd7 19. Nh2 g5 20. hxg5 Bxg5 21.
Nf3 Be7 22. Qe4 Qxe4 23. Rxe4 Ng6 24. Re2 h4 25. Rd2 hxg3 26. fxg3 Rxd2 27.
Bxd2 Rd8 28. Bc3 Rf8 29. Kg2 f6 30. exf6 Bxf6 31. Bxf6 Rxf6 32. Rh1 Rf7 33. Ng5
Rd7 34. Rf1 Rd2+ 35. Rf2 Rxf2+ 36. Kxf2 Kd7 37. Ke3 Ke7 38. Ke4 Kf6 39. Nf3 Ne7
40. Ne5 Kg5 41. Nf7+ Kg4 42. Ke5 Nc6+ 43. Kxe6 Kxg3 44. a3 Kf4 45. Kd6 Na5 46.
Kd5 Nb3 47. Nd6 Ke3 48. Nc8 Kd2 49. Nxa7 Kc2 50. a4 Kxb2 51. Nc8 Kc3 52. Nxb6
Kb4 53. Nd7 Na5 54. Nb6 Nxc4 1/2-1/2

[Event "Midland Ch Forrest Cup"]
[Site "Derby"]
[Date "1988.03.19"]
[Round "3"]
[White "Lalic, Susan K"]
[Black "Dicks, Duncan"]
[Result "1-0"]
[WhiteElo "2288"]
[BlackElo "2064"]
[PlyCount "81"]
[EventDate "1988.03.18"]
[EventType "swiss"]
[EventRounds "6"]
[EventCountry "ENG"]
[SourceTitle "BritBase"]
[Source "John Saunders"]
[SourceDate "2022.11.28"]
[SourceVersion "1"]
[SourceVersionDate "2022.08.23"]
[SourceQuality "1"]

1. e4 c6 2. d4 d5 3. Nd2 dxe4 4. Nxe4 Nf6 5. Nxf6+ gxf6 6. Be2 Bf5 7. Nf3 e6 8.
O-O Qc7 {('9 Be2 Bf5' given again here - must be wrong - probably as follows)}
9. Be3 Nd7 {(score now continues correctly)} 10. c4 O-O-O 11. d5 Nb6 12. Nd4
Be4 13. Rc1 Rg8 14. f3 Bd6 15. Rf2 Bxh2+ 16. Kf1 Qg3 17. Qb3 Qh4 18. fxe4 Bg3
19. Bf3 Bxf2 20. Bxf2 Qh1+ 21. Bg1 Rg3 22. Ne2 Rg5 23. g3 Qh3+ 24. Bg2 Qg4 25.
Qf3 Qxf3+ 26. Bxf3 Kb8 27. Be3 Rgg8 28. dxc6 bxc6 29. Nd4 Kc7 30. Kf2 Nd7 31.
Nb3 Ne5 32. Nc5 Ng4+ 33. Bxg4 Rxg4 34. Rh1 Rg7 35. Rh6 Rd1 36. Rxf6 h5 37. Rh6
Rh1 38. Kg2 Re1 39. Bd4 Rg5 40. Rh7 e5 41. Bf2 1-0

[Event "Midland Ch Forrest Cup"]
[Site "Derby"]
[Date "1988.03.19"]
[Round "3"]
[White "Ledger, Dave J"]
[Black "Johnson, Maurice W"]
[Result "0-1"]
[WhiteElo "1968"]
[BlackElo "1792"]
[PlyCount "82"]
[EventDate "1988.03.18"]
[EventType "swiss"]
[EventRounds "6"]
[EventCountry "ENG"]
[SourceTitle "BritBase"]
[Source "John Saunders"]
[SourceDate "2022.11.28"]
[SourceVersion "1"]
[SourceVersionDate "2022.08.23"]
[SourceQuality "1"]

1. e4 Nf6 2. e5 Nd5 3. d4 d6 4. Nf3 Bg4 5. Be2 e6 6. h3 Bh5 7. O-O Be7 8. c4
Nb6 9. Nc3 O-O 10. Be3 Nc6 11. exd6 cxd6 12. d5 exd5 13. Bxb6 Qxb6 14. Nxd5
Qxb2 15. Rb1 Qxa2 16. Re1 Rae8 17. Rxb7 Bd8 18. Ne3 Ba5 19. Qa1 Qxa1 20. Rxa1
Bb6 21. Ra3 Bc5 22. Rc3 a5 23. Kf1 Rb8 24. Rb5 Rfe8 25. Nd5 Bxf3 26. Bxf3 Nd4
27. Rxb8 Rxb8 28. Ke1 Nxf3+ 29. Rxf3 a4 30. Nc3 a3 31. Kd1 Rb2 32. Kc1 Rxf2 33.
Rxf2 Bxf2 34. Ne4 Bd4 35. Kb1 Bc5 36. Nxc5 dxc5 37. Ka2 f5 38. Kxa3 Kf7 39. Kb3
Ke6 40. Kc3 Ke5 41. Kd3 f4 0-1

[Event "Midland Ch Forrest Cup"]
[Site "Derby"]
[Date "1988.03.19"]
[Round "3"]
[White "Trow, RL."]
[Black "Brotherton, Trevor S"]
[Result "0-1"]
[WhiteElo "1672"]
[BlackElo "1976"]
[PlyCount "54"]
[EventDate "1988.03.18"]
[EventType "swiss"]
[EventRounds "6"]
[EventCountry "ENG"]
[SourceTitle "BritBase"]
[Source "John Saunders"]
[SourceDate "2022.11.28"]
[SourceVersion "1"]
[SourceVersionDate "2022.08.23"]
[SourceQuality "1"]

1. e4 d5 2. exd5 Nf6 3. c4 c6 4. dxc6 Nxc6 5. Nc3 e5 6. Nge2 Bc5 7. Qb3 Nb4 8.
Ng3 Qd4 9. Nd1 e4 10. a3 Nc6 11. Be2 O-O 12. O-O Qe5 13. Re1 h5 14. Bf1 h4 15.
Ne2 Ng4 16. g3 Qf5 17. d4 exd3 18. Nf4 hxg3 19. hxg3 Qh7 20. Bg2 Nd4 21. Qxd3
Bf5 22. Be4 Qh2+ 23. Kf1 Bxe4 24. Qxe4 Rae8 25. Qg2 Rxe1+ 26. Kxe1 Qxg2 27.
Nxg2 Nc2+ 0-1

[Event "Midland Ch Forrest Cup"]
[Site "Derby"]
[Date "1988.03.19"]
[Round "3"]
[White "Waddingham, Graham A"]
[Black "Baker, Chris W"]
[Result "1/2-1/2"]
[WhiteElo "2240"]
[BlackElo "2336"]
[PlyCount "60"]
[EventDate "1988.03.18"]
[EventType "swiss"]
[EventRounds "6"]
[EventCountry "ENG"]
[SourceTitle "BritBase"]
[Source "John Saunders"]
[SourceDate "2022.11.28"]
[SourceVersion "1"]
[SourceVersionDate "2022.08.23"]
[SourceQuality "1"]

1. e4 e5 2. Nf3 Nc6 3. Bc4 Nf6 4. d3 Be7 5. O-O O-O 6. c3 d6 7. Re1 Be6 8. Nbd2
Kh8 9. d4 Bxc4 10. Nxc4 exd4 11. Nxd4 Nxd4 12. Qxd4 c5 13. Qd3 d5 14. exd5 Qxd5
15. Qf1 Rae8 16. Bf4 Qf5 17. Bg3 Ne4 18. Rad1 Bg5 19. Rxe4 Qxe4 20. Nd6 Qc2 21.
Nxe8 Rxe8 22. Re1 Rxe1 23. Qxe1 Qc1 24. Kf1 c4 25. b3 cxb3 26. axb3 Kg8 27.
Qxc1 Bxc1 28. Ke2 Kf8 29. Kd3 Ke7 30. Kc4 Kd7 1/2-1/2

[Event "Midland Ch Forrest Cup"]
[Site "Derby"]
[Date "1988.03.19"]
[Round "3"]
[White "Wagenbach, Janos J"]
[Black "Lazonby, Norman A"]
[Result "0-1"]
[WhiteElo "1800"]
[BlackElo "2096"]
[PlyCount "94"]
[EventDate "1988.03.18"]
[EventType "swiss"]
[EventRounds "6"]
[EventCountry "ENG"]
[SourceTitle "BritBase"]
[Source "John Saunders"]
[SourceDate "2022.11.28"]
[SourceVersion "1"]
[SourceVersionDate "2022.08.23"]
[SourceQuality "1"]

1. d4 g6 2. g3 Bg7 3. Bg2 d6 4. e4 Nf6 5. Ne2 O-O 6. O-O Nbd7 7. h3 Rb8 8. c4
c5 9. Nbc3 a6 10. Be3 b5 11. cxb5 axb5 12. Qc2 Qa5 13. dxc5 dxc5 14. Rad1 b4
15. Na4 Ba6 16. b3 Rfc8 17. Rfe1 c4 18. Qd2 Ne5 19. Nf4 Kf8 20. Ba7 Rb7 21. Qe3
Bb5 22. Bb6 Qa8 23. Bd4 Nfd7 24. Nc5 Nxc5 25. Bxc5 Qxa2 26. Bxb4 cxb3 27. Ra1
Nc4 28. Rxa2 Nxe3 29. Rd2 Nc2 30. e5 Rd7 31. Rxd7 Bxd7 32. Rd1 Nxb4 33. Rxd7 b2
{('Bxd7')} 34. Be4 Bxe5 35. Ne2 Rc1+ 36. Kg2 b1=Q 37. Bxb1 Rxb1 38. f4 Bd6 39.
Rd8+ Kg7 40. Rc8 Rb2 41. Kf3 Rc2 42. Ra8 Bc5 43. Rd8 Ra2 44. Rd1 Ra3+ 45. Kg2
Re3 46. Nc1 Nc2 47. Rd3 Ne1+ 0-1

[Event "Midland Ch Forrest Cup"]
[Site "Derby"]
[Date "1988.03.19"]
[Round "4"]
[White "Alderson, Michael J"]
[Black "Garcia Iglesias, Isaac"]
[Result "1/2-1/2"]
[WhiteElo "2080"]
[BlackElo "2000"]
[PlyCount "41"]
[EventDate "1988.03.18"]
[EventType "swiss"]
[EventRounds "6"]
[EventCountry "ENG"]
[SourceTitle "BritBase"]
[Source "John Saunders"]
[SourceDate "2022.11.28"]
[SourceVersion "1"]
[SourceVersionDate "2022.08.23"]
[SourceQuality "1"]

1. c4 e6 2. Nf3 d5 3. b3 Nf6 4. Bb2 Be7 5. g3 c6 6. Bg2 Nbd7 7. O-O Rb8 8. d4
O-O 9. Nbd2 b6 10. Qc2 Bb7 11. Rac1 Bd6 12. Rfd1 Qe7 13. e4 dxe4 14. Nxe4 Nxe4
15. Qxe4 Ba3 16. Qe2 Bxb2 17. Qxb2 Rfd8 18. Qe2 Kf8 19. Ne5 Rbc8 20. Rd2 Nf6
21. Rcd1 1/2-1/2

[Event "Midland Ch Forrest Cup"]
[Site "Derby"]
[Date "1988.03.19"]
[Round "4"]
[White "Baker, Chris W"]
[Black "Arkell, Keith C"]
[Result "1-0"]
[WhiteElo "2336"]
[BlackElo "2416"]
[PlyCount "63"]
[EventDate "1988.03.18"]
[EventType "swiss"]
[EventRounds "6"]
[EventCountry "ENG"]
[SourceTitle "BritBase"]
[Source "John Saunders"]
[SourceDate "2022.11.28"]
[SourceVersion "1"]
[SourceVersionDate "2022.08.23"]
[SourceQuality "1"]

1. d4 Nf6 2. Bg5 d5 3. Bxf6 exf6 4. e3 Bd6 5. Bd3 c6 6. Nd2 Be6 7. Qf3 O-O 8.
Ne2 Qc7 9. g4 Nd7 10. Rg1 c5 11. c3 cxd4 12. exd4 Rfe8 13. O-O-O b5 14. Bxb5
Rab8 15. Ba4 Qb7 ({Stockfish} 15... Qb6 {15} 16. b3 Qa5 $19) 16. b3 Re7 (16...
Qa6 $17) 17. g5 f5 18. Nf4 Nb6 19. Bb5 a6 20. Be2 Na4 21. Nb1 Rc7 $2 22. Rd3
Bd7 23. Nxd5 Bc6 24. Nf6+ $1 gxf6 25. gxf6+ Kf8 26. d5 Nc5 27. Qg2 Nxd3+ 28.
Bxd3 Ke8 29. Re1+ Be7 30. Qg8+ Kd7 31. Rxe7+ Kd6 32. Qg3+ 1-0

[Event "Midland Ch Forrest Cup"]
[Site "Derby"]
[Date "1988.03.19"]
[Round "4"]
[White "Barnes, Michael H"]
[Black "Hardy, Otto H"]
[Result "1-0"]
[WhiteElo "2136"]
[BlackElo "1984"]
[PlyCount "71"]
[EventDate "1988.03.18"]
[EventType "swiss"]
[EventRounds "6"]
[EventCountry "ENG"]
[SourceTitle "BritBase"]
[Source "John Saunders"]
[SourceDate "2022.11.28"]
[SourceVersion "1"]
[SourceVersionDate "2022.08.23"]
[SourceQuality "1"]

1. Nf3 b5 2. e4 a6 3. d4 e6 4. Bd3 Bb7 5. O-O c5 6. d5 $5 Nf6 7. Re1 h6 $2 8.
c4 bxc4 9. Bxc4 Qb6 10. Nc3 $18 Be7 11. d6 $5 Bd8 (11... Qxd6 12. Qxd6 Bxd6 13.
e5 $18) 12. e5 Nh7 13. Ne4 f5 14. exf6 Nxf6 15. Ne5 $1 O-O 16. Nxf6+ (16. Ng3
$18 Nc6 $140 17. Nxd7 $1) 16... Bxf6 17. Bf4 $6 Bxe5 18. Bxe5 Nc6 $2 (18... Rf7
$1 $11) 19. Bxg7 $1 $18 Kxg7 20. Qg4+ Kh8 21. Qh4 $2 (21. Rxe6 $1 $18 dxe6 22.
Qxe6) 21... Rf7 $2 (21... Qxb2 $1 $13) 22. Qxh6+ Rh7 23. Qf6+ Rg7 24. Qh6+ Rh7
25. Qf6+ Rg7 26. Re3 Qd8 27. Rh3+ Kg8 28. Bxe6+ $1 dxe6 29. Qxe6+ Rf7 30. Rg3+
Kf8 31. Qh6+ Ke8 32. Re1+ Ne7 33. Rg8+ Kd7 34. Qe6+ Kc6 35. Rxd8 Rxd8 36. dxe7+
{Best game prize} 1-0

[Event "Midland Ch Forrest Cup"]
[Site "Derby"]
[Date "1988.03.19"]
[Round "4"]
[White "Bowler, A."]
[Black "Trow, RL."]
[Result "1/2-1/2"]
[WhiteElo "1712"]
[BlackElo "1672"]
[PlyCount "95"]
[EventDate "1988.03.18"]
[EventType "swiss"]
[EventRounds "6"]
[EventCountry "ENG"]
[SourceTitle "BritBase"]
[Source "John Saunders"]
[SourceDate "2022.11.28"]
[SourceVersion "1"]
[SourceVersionDate "2022.08.23"]
[SourceQuality "1"]

1. e4 c5 2. Nf3 e6 3. b3 Nc6 4. Bb2 Qc7 5. g3 d5 6. exd5 exd5 7. Bg2 Qe7+ 8.
Qe2 Qxe2+ 9. Kxe2 Bf5 10. d3 d4 11. Re1 Bd6 12. Kf1+ Nge7 13. a3 O-O 14. Nbd2
Rad8 15. Ne4 b6 16. h3 Rfe8 17. Nxd6 Rxd6 18. Re2 h6 19. Rae1 Re6 20. Nh4 Rxe2
21. Rxe2 Be6 22. g4 Kf8 23. f4 Bd5 24. Nf3 Ng6 25. Bc1 Rxe2 26. Kxe2 Nge7 27.
f5 h5 28. Bf4 f6 29. Kf2 Kf7 30. Kg3 hxg4 31. hxg4 g6 32. fxg6+ Kxg6 33. Bd6
Kf7 34. Bf4 Ke6 35. Bh3 Ng6 36. Bd2 Nce5 37. Bg2 a6 38. Ne1 Bxg2 39. Nxg2 b5
40. Nf4+ Nxf4 41. Bxf4 Ng6 42. Kf3 Ne7 43. Ke4 Nd5 44. Bd2 Ne7 45. b4 cxb4 46.
Bxb4 f5+ 47. gxf5+ Nxf5 48. Bd2 1/2-1/2

[Event "Midland Ch Forrest Cup"]
[Site "Derby"]
[Date "1988.03.19"]
[Round "4"]
[White "Brotherton, Trevor S"]
[Black "Waddingham, Graham A"]
[Result "0-1"]
[WhiteElo "1976"]
[BlackElo "2240"]
[PlyCount "66"]
[EventDate "1988.03.18"]
[EventType "swiss"]
[EventRounds "6"]
[EventCountry "ENG"]
[SourceTitle "BritBase"]
[Source "John Saunders"]
[SourceDate "2022.11.28"]
[SourceVersion "1"]
[SourceVersionDate "2022.08.23"]
[SourceQuality "1"]

1. e4 e5 2. d4 exd4 3. c3 dxc3 4. Bc4 Nc6 5. Nxc3 d6 6. Nf3 Bg4 7. O-O Qd7 8.
Bf4 Nge7 9. Bg3 Ng6 10. e5 Bxf3 11. Qxf3 Ngxe5 12. Bxe5 dxe5 13. Rfd1 Bd6 14.
Nd5 O-O 15. Rac1 Nd4 16. Qg3 Kh8 17. Qh4 f5 18. Rc3 c6 19. Rh3 h6 20. Nf4 Kh7
21. Nh5 Be7 22. Qg3 Bf6 23. Kf1 Rae8 24. Qe3 c5 25. Nxf6+ Rxf6 26. g4 e4 27.
gxf5 Qxf5 28. Rg3 Qh5 29. Rd2 Nf5 30. Qc3 e3 31. Rxg7+ Nxg7 32. Qxf6 exd2 33.
Bd3+ Kh8 0-1

[Event "Midland Ch Forrest Cup"]
[Site "Derby"]
[Date "1988.03.19"]
[Round "4"]
[White "Buckley, Graeme N"]
[Black "Paterson, Andrew I"]
[Result "1-0"]
[WhiteElo "2168"]
[BlackElo "1688"]
[PlyCount "57"]
[EventDate "1988.03.18"]
[EventType "swiss"]
[EventRounds "6"]
[EventCountry "ENG"]
[SourceTitle "BritBase"]
[Source "John Saunders"]
[SourceDate "2022.11.28"]
[SourceVersion "1"]
[SourceVersionDate "2022.08.23"]
[SourceQuality "1"]

1. d4 Nf6 2. c4 g6 3. Nc3 Bg7 4. e4 d6 5. f4 O-O 6. Nf3 c5 7. d5 e6 8. Be2 exd5
9. cxd5 Re8 10. e5 dxe5 11. fxe5 Ng4 12. Bg5 f6 13. exf6 Bxf6 14. Qd2 Bxg5 15.
Qxg5 Qb6 16. O-O c4+ 17. Kh1 Nf2+ 18. Rxf2 Qxf2 19. d6 Be6 20. Ne4 Qxe2 21.
Nf6+ Kf8 22. Ne5 Re7 23. dxe7+ Kxe7 24. Ne4+ Ke8 25. Nd6+ Kf8 26. Qf6+ Kg8 27.
Qxe6+ Kg7 28. Qe7+ Kh6 29. Nef7+ 1-0

[Event "Midland Ch Forrest Cup"]
[Site "Derby"]
[Date "1988.03.19"]
[Round "4"]
[White "Hutchinson, Paul A"]
[Black "Dunworth, Christopher N"]
[Result "1-0"]
[WhiteElo "2240"]
[BlackElo "2240"]
[PlyCount "102"]
[EventDate "1988.03.18"]
[EventType "swiss"]
[EventRounds "6"]
[EventCountry "ENG"]
[SourceTitle "BritBase"]
[Source "John Saunders"]
[SourceDate "2022.11.28"]
[SourceVersion "1"]
[SourceVersionDate "2022.08.23"]
[SourceQuality "1"]

1. Nf3 Nf6 2. b3 b6 3. Bb2 e6 4. g3 Bb7 5. Bg2 Be7 6. c4 c5 7. O-O O-O 8. Nc3
d5 9. cxd5 Nxd5 10. d4 Nxc3 11. Bxc3 Bf6 12. Rc1 Nd7 13. dxc5 Nxc5 14. Qxd8
Rfxd8 15. Bxf6 gxf6 16. b4 Na6 17. a3 Rd6 18. Rc3 Rad8 19. Rfc1 Rd1+ 20. Bf1
R8d7 21. Ne1 Rxc1 22. Rxc1 Nc7 23. Nd3 Nb5 24. a4 Nd4 25. f4 Be4 26. Kf2 Bxd3
27. exd3 f5 28. Ke3 f6 29. Bg2 e5 30. a5 Kf7 31. Rc8 Kg6 32. a6 Kf7 33. Bc6
Nxc6 34. Rxc6 Ke7 35. fxe5 fxe5 36. Rh6 Kd8 37. Rf6 Rd4 38. Rxf5 Rxb4 39. Rf8+
Kc7 40. Rf7+ Kc6 41. Rxa7 Ra4 42. Rxh7 Rxa6 43. Ke4 Ra3 44. Rh6+ Kc7 45. h4
Ra4+ 46. Kxe5 Rg4 47. Kd5 Rxg3 48. Rh7+ Kd8 49. d4 b5 50. h5 b4 51. Kd6 Kc8 {
"and later White won" x moves} 1-0